Govt. of
Madhya Pradesh

Non-Resident Indians (Record no. 6290)

MARC details
000 -LEADER
fixed length control field 004640000a22001810004500
003 - CONTROL NUMBER IDENTIFIER
control field MACL
005 - DATE AND TIME OF LATEST TRANSACTION
control field 20150728180919.0
008 - FIXED-LENGTH DATA ELEMENTS--GENERAL INFORMATION
fixed length control field 150728b xxu||||| |||| 00| 0 eng d
040 ## - CATALOGING SOURCE
Original cataloging agency MACL
Transcribing agency MACL
041 ## - LANGUAGE CODE
Language code of text/sound track or separate title English
082 ## - DEWEY DECIMAL CLASSIFICATION NUMBER
Classification number 336
100 ## - MAIN ENTRY--PERSONAL NAME
Personal name Bhandari, Dr. Dharmendra
9 (RLIN) 3026
245 ## - TITLE STATEMENT
Title Non-Resident Indians
Remainder of title Taxes And Incentives
260 ## - PUBLICATION, DISTRIBUTION, ETC. (IMPRINT)
Name of publisher, distributor, etc. University Of Rajasthan
Date of publication, distribution, etc. 1984
Place of publication, distribution, etc. Jaipur
350 ## - PRICE (NR) (BK AM CF MU VM SE) [OBSOLETE]
Price 50
650 ## - SUBJECT ADDED ENTRY--TOPICAL TERM
Topical term or geographic name as entry element Economices
9 (RLIN) 3027
942 ## - ADDED ENTRY ELEMENTS (KOHA)
Koha item type Books
Call number prefix 336
Source of classification or shelving scheme
Holdings
Withdrawn status Lost status Source of classification or shelving scheme Damaged status Not for loan Home library Current library Date acquired Cost, normal purchase price Total Checkouts Full call number Barcode Date last seen Uniform Resource Identifier Price effective from Koha item type
          MACL MACL 15/04/2015 50.00   336 CRE003242 02/05/2024 6231 15/04/2015 Books